[Event "5ème Open de St Chély d'Aubrac"]
[Site "St-Chély d'Aubrac"]
[Date "2005.07.16"]
[Round "9.26"]
[White "Corbet, Philippe"]
[Black "Karsenty, Madeleine"]
[Result "1-0"]
[WhiteElo "1350"]
[BlackElo "1380"]
[PlyCount "105"]

1. e4 e5 2. Bc4 Nf6 3. Nc3 Be7 4. d3 d6 5. f4 Bg4 6. Nf3 O-O 7. f5 Nc6 8. h3
Bxf3 9. Qxf3 Na5 10. Bb3 Nxb3 11. axb3 c6 12. Bg5 d5 13. Bxf6 Bxf6 14. exd5
cxd5 15. Qxd5 Qe7 16. O-O-O Rac8 17. Ne4 Rfd8 18. Nxf6+ gxf6 19. Qe4 Qc7 20.
Qc4 Qd7 21. Qg4+ Kh8 22. Kb1 Rg8 23. Qe4 Qc7 24. c3 Qb6 25. Kc2 Rg3 26. Rd2
Rcg8 27. Ra1 Re3 28. Qh4 Reg3 29. Qe4 R8g5 30. Ra4 a5 31. Qd5 Kg7 32. Rxa5 Rxf5
33. Rb5 Qf2 34. Rxf2 Rxf2+ 35. Kb1 Rgxg2 36. Ka2 Rxb2+ 37. Ka3 Ra2+ 38. Kb4 Kg6
39. Rxb7 Kf5 40. Rxf7 h5 41. d4 Rge2 42. Qf3+ Ke6 43. Qxf6+ Kd5 44. Rd7+ Ke4
45. Qxe5+ Kd3 46. Qxh5 Rh2 47. Qf3+ Kc2 48. Rg7 Ra1 49. Rg2+ Rxg2 50. Qxg2+ Kd3
51. Qf3+ Kd2 52. Kc4 Ra8 53. Qxa8 1-0

[Event "5ème Open de St Chély d'Aubrac"]
[Site "St-Chély d'Aubrac"]
[Date "2005.07.16"]
[Round "9.27"]
[White "Cremers, Bertrand"]
[Black "Capron, Michel"]
[Result "1/2-1/2"]
[WhiteElo "1510"]
[BlackElo "1400"]
[PlyCount "22"]

1. e4 e5 2. Nf3 Nc6 3. Bc4 Bc5 4. c3 Qf6 5. O-O Nge7 6. d3 h6 7. Be3 d6 8. h3
Be6 9. Bb3 O-O 10. Na3 Qg6 11. Kh1 Qh5 1/2-1/2

[Event "5ème Open de St Chély d'Aubrac"]
[Site "St-Chély d'Aubrac"]
[Date "2005.07.16"]
[Round "9.28"]
[White "Jaafar, Nacer"]
[Black "Trzesniower, Jacques"]
[Result "0-1"]
[WhiteElo "1280"]
[BlackElo "1430"]
[PlyCount "128"]

1. e4 c5 2. Nf3 e6 3. Bc4 a6 4. O-O Qc7 5. b3 Nc6 6. Bb2 d6 7. Re1 e5 8. Ng5
Nh6 9. Nc3 Bg4 10. Nd5 Qd8 11. f3 Be6 12. Nxe6 fxe6 13. Ne3 Kd7 14. a4 Qh4 15.
Be2 g6 16. g3 Qe7 17. Nc4 Qd8 18. a5 Ke7 19. Ne3 Nf7 20. Bc4 Kd7 21. d3 Nxa5
22. Bc3 Nxc4 23. Nxc4 b6 24. f4 Bg7 25. Ra2 h5 26. Qa1 Qc7 27. Rxa6 Rxa6 28.
Qxa6 Kc6 29. Na5+ Kd7 30. Qb5+ Kc8 31. Nc6 Nd8 32. Nxd8 Kxd8 33. Ra1 Qb7 34.
Ba5 Kc7 35. Bxb6+ Qxb6 36. Qc4 Re8 37. Rf1 Qb4 38. Qa6 Qb6 39. Qa4 Rf8 40. Kg2
exf4 41. gxf4 Bh6 42. e5 Qc6+ 43. Qxc6+ Kxc6 44. Kg3 dxe5 45. Ra1 exf4+ 46. Kf3
Kb6 47. c3 Bg7 48. b4 cxb4 49. Rh1 Bxc3 50. h4 e5 51. Rg1 Rg8 52. Rg5 Kc5 53.
d4+ Bxd4 54. Rg1 Bxg1 55. Kg2 Bd4 56. Kf3 b3 57. Ke4 b2 58. Kf3 b1=Q 59. Ke2
Qb3 60. Kd2 Qc3+ 61. Ke2 Qe3+ 62. Kd1 Qf2 63. Kc1 Rb8 64. Kd1 Rb1# 0-1

[Event "5ème Open de St Chély d'Aubrac"]
[Site "St-Chély d'Aubrac"]
[Date "2005.07.16"]
[Round "9.29"]
[White "Ruetsch, Johan"]
[Black "Missinger, Karl"]
[Result "1-0"]
[WhiteElo "1270"]
[BlackElo "1099"]
[PlyCount "41"]

1. e4 e5 2. Nf3 Nc6 3. Bc4 Bc5 4. O-O Nf6 5. d3 O-O 6. Bg5 d6 7. h3 h6 8. Bh4
Nd4 9. c3 Nxf3+ 10. Qxf3 Bd7 11. Rd1 c6 12. d4 exd4 13. cxd4 Bb6 14. e5 dxe5
15. dxe5 Bc7 16. exf6 gxf6 17. Bxf6 Qe8 18. Nc3 Be6 19. Bxe6 Qxe6 20. Re1 Qd6
21. Qg4+ 1-0